Deficit fiscal, deuda externa y desequilibrio financiero (Registro nro. 4287)

Detalles MARC
000 -LEADER
fixed length control field 01686 a2200241 4500
001 - CONTROL NUMBER
control field 47099
005 - DATE AND TIME OF LATEST TRANSACTION
control field 20260407155739.0
008 - FIXED-LENGTH DATA ELEMENTS--GENERAL INFORMATION
fixed length control field 260407a1989 arg spa d
003 - CONTROL NUMBER IDENTIFIER
control field AR-UNSa-BCEJYS
040 ## - CATALOGING SOURCE
Original cataloging agency AR-UNSa-BCEJYS
Language of cataloging spa
Transcribing agency AR-UNSa-BCEJYS
080 ## - UNIVERSAL DECIMAL CLASSIFICATION NUMBER
Universal Decimal Classification number 336.02
Common auxiliary subdivision Política financiera. Política fiscal
100 1# - MAIN ENTRY--PERSONAL NAME
Personal name Fanelli, José María
245 10 - TITLE STATEMENT
Title Deficit fiscal, deuda externa y desequilibrio financiero
264 #1 - PRODUCTION, PUBLICATION, DISTRIBUTION, MANUFACTURE, AND COPYRIGHT NOTICE
Place of production, publication, distribution, manufacture Buenos Aires :
Name of producer, publisher, distributor, manufacturer Tesis
Date of production, publication, distribution, manufacture, or copyright notice 1989
300 ## - PHYSICAL DESCRIPTION
Extent 175 p.
Dimensions 20 cm.
505 ## - FORMATTED CONTENTS NOTE
Formatted contents note Parte I: Restricción externa e incentivos al crecimiento en América Latina / Roberto - Frenkel - Guillermo Rozenwurcel: 1. Introducción - 2. Ajuste externo y crecimiento: el lado real - 3. Ajuste y conflicto distributivo - 4. El problema de la transferencia interna y la brecha fiscal-financiera - 5. Conclusiones -- Parte II: Acerca de la generación de recursos financieros en la Argentina / José María J. Fanelli: 1. El período de ajuste ante la crisis de la deuda - 2. La generación de recursos financieros en la economía argentina - 3. Reflexiones finales -- Parte III: Decisiones de cartera y transferencias de riqueza en un período de inestabilidad macroeconómica / Mario Damill - José M. Fanelli: 1. Precios relativos, ahorro real e incremento de la riqueza financiera - 2. Evolución de la estructura financiera de las empresas privadas en el período de ajuste - 3. Reflexiones finales.
590 ## - LOCAL NOTE (RLIN)
Local note niveau_biblio:m niveau_hierar:0
700 1# - ADDED ENTRY--PERSONAL NAME
Personal name Damill, Mario
700 1# - ADDED ENTRY--PERSONAL NAME
Personal name Frenkel, Roberto
700 1# - ADDED ENTRY--PERSONAL NAME
Personal name Rozenwurcel, Guillermo
856 41 - ELECTRONIC LOCATION AND ACCESS
Uniform Resource Identifier <a href="https://www.biblioeco.unsa.edu.ar/pmb/images/libros/L127390.jpg">https://www.biblioeco.unsa.edu.ar/pmb/images/libros/L127390.jpg</a>
Link text Imagen de portada
Electronic format type image/jpeg
942 ## - ADDED ENTRY ELEMENTS (KOHA)
Koha item type
Existencias
Withdrawn status Lost status Damaged status Not for loan Home library Current library Shelving location Date acquired Total checkouts Full call number Barcode Date last seen Price effective from Koha item type
        Biblioteca Prof. Eusebio Cleto del Rey Biblioteca Prof. Eusebio Cleto del Rey   07/04/2026   336.02 D158 L127390 07/04/2026 07/04/2026 Libro
        Biblioteca Prof. Eusebio Cleto del Rey Biblioteca Prof. Eusebio Cleto del Rey   07/04/2026   336.02 D158 L53412 07/04/2026 07/04/2026 Libro
        Biblioteca Prof. Eusebio Cleto del Rey Biblioteca Prof. Eusebio Cleto del Rey   07/04/2026   336.02 D158 L53934 07/04/2026 07/04/2026 Libro